Economic analysis for transport choice ; a Charles River Associates research study /

Bibliographic Details
Main Author: Roberts, Paul O.
Corporate Author: Charles River Associates
Other Authors: Dewees, Donald N.
Format: Book
Language:English
Published: Lexington, Mass. : Heath Lexington Books, [1971]
Subjects:

MARC

Tag First Indicator Second Indicator Subfields
LEADER 00000cam a2200000 4500
001 in00000244262
005 20151009093203.0
008 711117s1971 maua 00010 eng
010 |a  77151785  
020 |a 0669735930 
035 |a (OCoLC)00208214 
035 |9 ABA6724AM 
040 |a DLC  |c DLC  |d TXA  |d UtOrBLW 
043 |a n-us--- 
049 |a TXAM  |c [1125838] 
050 0 0 |a HE203  |b .R63 
082 0 |a 380.5/2 
100 1 |a Roberts, Paul O. 
245 1 0 |a Economic analysis for transport choice ;  |b a Charles River Associates research study /  |c [by] Paul O. Roberts [and] Donald N. Dewees. With contributions by Gerald Kraft [and] Mahlon Straszheim. 
264 1 |a Lexington, Mass. :  |b Heath Lexington Books,  |c [1971] 
300 |a xvii, 256 pages :  |b illustrations ;  |c 24 cm. 
336 |a text  |b txt  |2 rdacontent 
337 |a unmediated  |b n  |2 rdamedia 
338 |a volume  |b nc  |2 rdacarrier 
650 0 |a Transportation  |z United States. 
650 0 |a Choice of transportation. 
700 1 |a Dewees, Donald N. 
710 2 |a Charles River Associates. 
999 |a MARS 
999 f f |s ce7c9b92-dd6d-33e6-b791-da4cafa0e68b  |i 17438ab9-2768-3c74-877b-90e724537836  |t 0 
952 f f |p ric  |a Texas A&M University  |b Rellis Campus  |c Joint Library Facility  |d Remote Storage  |t 0  |e HE203 .R63  |h Library of Congress classification  |i unmediated -- volume  |m A14802744885 
998 f f |a HE203 .R63  |t 0  |l Remote Storage